000 00400cam a22001217a 4500
008 180718b1966 xxu||||| |||| 00| 0 eng d
082 _aA81x54 In2/61/14/Pt 6 C/1
100 _aCensus of India 1961
245 _aRajasthan: village survey monographs, Janvi
260 _aDelhi
_bThe Manager of Publications
_c1966
300 _a70+p.
440 _aCensus of India 1961. Volume XIV, Rajasthan. Part VI-C-I
999 _c484595
_d484595